Contraception - Statistiques

Statistiques générales
  • Ce quiz a été pris 53 fois
    47 depuis la dernière actualisation
  • Le résultat moyen est 6 sur 15
Statistiques - réponses
Par images Réponse % Correct
Stérilet
100%
Pilule
95%
Capote
93%
Patch
81%
Préservatif féminin
47%
Implant
44%
Retrait
37%
Vasectomie
37%
Ceinture de chasteté
28%
Ligature des trompes
23%
Anneau contraceptif
14%
Diaphragme
9%
Calcul du cycle
2%
Spermicides
2%
Méthode de la température
0%
Aucun quiz correspondant
Distribution des résultats
% des personnes avec chaque résultat
Percentile par nombre de réponses
Votre historique - résultats
Vous n’avez pas pris ce quiz depuis la dernière actualisation